[Event "Lyngby Open"]
[Site "Lyngby DEN"]
[Date "1991.??.??"]
[Round "6"]
[White "Adamski, Jan"]
[Black "Boe Olsen, Mads"]
[Result "0-1"]
[WhiteElo "2375"]
[BlackElo "2320"]
[PlyCount "106"]
[EventDate "1991.??.??"]
[Source "www.chesslib.no"]
[SourceDate "2004.05.04"]

1. Nf3 e6 2. c4 f5 3. g3 Be7 4. Bg2 Nf6 5. O-O O-O 6. d4 d5 7. b3 c6 8. Ba3 Bxa3 9. Nxa3 Bd7 10. Qc2 Qe7 11. Qb2 Be8 12. Nc2 Bh5 13. Nce1 Nbd7 14. Nd3 Rae8 15. Rac1 h6 16. e3 Bxf3 17. Bxf3 g5 18. b4 Ne4 19. cxd5 exd5 20. b5 Rf6 21. Rc2 Qg7 22. bxc6 bxc6 23. Qb7 Re7 24. Rxc6 Nb6 25. Qb8+ Rf8 26. Rxb6 Rxb8 27. Rxb8+ Kh7 28. Bxe4 dxe4 29. Ne5 f4 30. Rc1 Rc7 31. Rcb1 f3 32. h3 Qe7 33. Ra8 Qe6 34. g4 Qxa2 35. Rab8 Qd2 36. Rf1 Rc1 37. Rb7+ Kg8 38. Rb1 Rxf1+ 39. Kxf1 a5 40. Kg1 a4 41. Nc4 Qc3 42. Nd6 Qc7 43. Nxe4 a3 44. Ra1 Qa5 45. d5 Qb4 46. d6 Qxe4 47. d7 Qd5 48. Rxa3 Qxd7 49. Ra1 h5 50. Ra5 Qd1+ 51. Kh2 h4 52. Rxg5+ Kf7 53. Rf5+ Ke6 0-1

[Event "Kleve op"]
[Site "Kleve"]
[Date "1999.05.16"]
[Round "6"]
[White "Schulz, Klaus Juergen"]
[Black "Peters, Andreas"]
[Result "1-0"]
[WhiteElo "2400"]
[BlackElo "2295"]
[PlyCount "107"]
[EventDate "1999.05.??"]
[Source "www.chesslib.no"]
[SourceDate "2004.05.04"]

1. d4 f5 2. Nf3 e6 3. g3 Nf6 4. Bg2 d5 5. O-O Bd6 6. c4 c6 7. b3 O-O 8. Ba3 Bxa3 9. Nxa3 Nbd7 10. Nc2 b6 11. Nb4 Bb7 12. Nd3 Rc8 13. Rc1 Qe7 14. c5 bxc5 15. Nxc5 Nxc5 16. Rxc5 Ne4 17. Ra5 Qb4 18. Qe1 Qb6 19. b4 Rfd8 20. a3 Nd6 21. Rc5 Ne4 22. Rc2 Ba6 23. Qa1 Bb5 24. Ne5 Ba4 25. Bxe4 fxe4 26. Rc5 Bb5 27. Re1 Qa6 28. Qc3 Qa4 29. f3 exf3 30. exf3 a5 31. bxa5 Ra8 32. Qe3 Re8 33. Rc3 Qxa5 34. Nd7 Qd8 35. Nc5 Qf6 36. f4 h6 37. g4 Qh4 38. Qg3 Qf6 39. Qe3 Qh4 40. Qg3 Qf6 41. Re5 Qg6 42. h3 Bc4 43. Qe1 Rab8 44. Rxe6 Kh7 45. f5 Qf7 46. Rxe8 Rxe8 47. Re3 Rxe3 48. Qxe3 Qc7 49. Ne6 Qb8 50. Kg2 Qb2+ 51. Kg3 Qa1 52. Nf8+ Kg8 53. Ng6 Kh7 54. Qe8 1-0

[Event "Celle Ligure Open"]
[Site "Celle Ligure"]
[Date "1996.??.??"]
[Round "3"]
[White "Naumkin, Igor"]
[Black "Corvi, Marco"]
[Result "1-0"]
[WhiteElo "2480"]
[BlackElo "2215"]
[PlyCount "75"]
[EventDate "1996.??.??"]
[Source "www.chesslib.no"]
[SourceDate "2004.05.04"]

1. d4 f5 2. Nf3 Nf6 3. g3 e6 4. Bg2 d5 5. c4 c6 6. O-O Bd6 7. b3 O-O 8. Ba3 Bxa3 9. Nxa3 Qe7 10. Qc1 Bd7 11. Qb2 Be8 12. Ne5 Nbd7 13. Nd3 g5 14. e3 Bg6 15. Rad1 h6 16. Rfe1 Qh7 17. Ne5 Ng4 18. Nxd7 Qxd7 19. f3 Nf6 20. Nc2 Qd6 21. c5 Qc7 22. Nb4 Rae8 23. Nd3 Nd7 24. f4 Nf6 25. b4 Bh5 26. Rb1 a6 27. a4 gxf4 28. exf4 Re7 29. b5 axb5 30. axb5 Be8 31. bxc6 Bxc6 32. Ne5 Ne4 33. Ng6 Rg7 34. Nxf8 Kxf8 35. Ra1 h5 36. Ra8+ Ke7 37. Bxe4 dxe4 38. d5 1-0

[Event "AUS Ch"]
[Site "Toowoomba"]
[Date "1985.??.??"]
[Round "10"]
[White "Johansen, Darryl K"]
[Black "Depasquale, Chris"]
[Result "1-0"]
[WhiteElo "2425"]
[BlackElo "2260"]
[PlyCount "141"]
[EventDate "1985.??.??"]
[Source "www.chesslib.no"]
[SourceDate "2004.05.04"]

1. d4 f5 2. g3 Nf6 3. Bg2 d5 4. c4 e6 5. Nf3 c6 6. O-O Be7 7. b3 O-O 8. Ba3 Bxa3 9. Nxa3 Ne4 10. Qc1 Bd7 11. Nc2 Be8 12. Ne5 Nd7 13. Nd3 Nd6 14. c5 Nf7 15. f4 Nf6 16. Nce1 Ne4 17. Nf3 Rc8 18. b4 a6 19. Nfe5 Rc7 20. Nxf7 Rcxf7 21. Ne5 Rf6 22. Bxe4 dxe4 23. Qc3 Bh5 24. Rf2 h6 25. h4 Kh7 26. a4 Rg8 27. Rh2 Qd5 28. Nc4 Rd8 29. e3 Rb8 30. Nb6 Qd8 31. Kf2 Bf3 32. Nc4 Qe8 33. Ne5 Bh5 34. Qb3 Ra8 35. Rg2 Qe7 36. Qc2 Rff8 37. Rh1 Kg8 38. g4 Bxg4 39. Nxg4 fxg4 40. Rxg4 Qf6 41. Qxe4 Qf5 42. Qxf5 exf5 43. Rg6 Rf7 44. Re6 Kf8 45. Rg1 Re8 46. Rxe8+ Kxe8 47. Rg6 Kd7 48. Ke2 Re7 49. Kd3 Kc7 50. b5 axb5 51. axb5 Kd7 52. Rd6+ Kc7 53. b6+ Kc8 54. d5 cxd5 55. Rxd5 Rf7 56. h5 Rf6 57. Kc4 Rf8 58. Kd4 Rf7 59. Ke5 Re7+ 60. Kd6 Rxe3 61. Rxf5 Rd3+ 62. Ke7 Re3+ 63. Re5 Rg3 64. Rd5 Re3+ 65. Kf7 Rg3 66. Rd6 Rh3 67. Kxg7 Rxh5 68. Kg6 Rxc5 69. f5 Rc1 70. f6 Rg1+ 71. Kxh6 1-0

[Event "Berliner Sommer"]
[Site "Berlin"]
[Date "1996.??.??"]
[Round "2"]
[White "Mikhalevski, Alexander"]
[Black "Wagner, Bernd"]
[Result "1-0"]
[WhiteElo "2460"]
[BlackElo "2215"]
[PlyCount "51"]
[EventDate "1996.08.??"]
[Source "ChessBase"]

1. d4 e6 2. c4 f5 3. g3 Nf6 4. Bg2 d5 5. Nf3 c6 6. O-O Bd6 7. b3 O-O 8. Ba3 Bxa3 9. Nxa3 Nbd7 10. Nc2 b6 11. Nb4 Bb7 12. Nd3 Ne4 13. Rc1 c5 14. Nf4 Re8 15. dxc5 Ndxc5 16. b4 Na6 17. cxd5 e5 18. Nd3 Qxd5 19. Qa4 Nd6 20. Rfd1 b5 21. Qc2 Qe6 22. Ng5 Qc8 23. Qb3+ Nc4 24. Bxb7 Qxb7 25. Rxc4 bxc4 26. Qxc4+ 1-0

[Event "It Open"]
[Site "Seville ESP"]
[Date "1989.??.??"]
[Round "?"]
[White "Estremera Panos, Sergio"]
[Black "Campos, Alberto"]
[Result "0-1"]
[WhiteElo "2345"]
[BlackElo "2330"]
[PlyCount "66"]
[EventDate "1989.??.??"]
[Source "www.chesslib.no"]
[SourceDate "2004.05.04"]

1. d4 e6 2. c4 f5 3. g3 Nf6 4. Bg2 d5 5. Nf3 Be7 6. O-O O-O 7. b3 c6 8. Ba3 Nbd7 9. Qc1 Ne4 10. e3 a5 11. Bxe7 Qxe7 12. Nc3 b6 13. Qc2 Ba6 14. Rfc1 Rac8 15. Qb2 Nd6 16. cxd5 exd5 17. Rd1 Kh8 18. Rac1 Ne4 19. Ne2 g5 20. Rc2 Qe6 21. Nc1 f4 22. exf4 gxf4 23. Re1 Rce8 24. Ng5 Qg6 25. Nxe4 f3 26. Bf1 Bxf1 27. Kxf1 Qe6 28. Re3 Qh3+ 29. Ke1 Qxh2 30. Kd1 Nf6 31. Nd3 Rxe4 32. Qc3 c5 33. dxc5 Rxe3 0-1

[Event "It (open) \"]
[Site "Jyvaskyla (Finland)"]
[Date "2007.07.16"]
[Round "2"]
[White "Nyback Tomi (FIN)"]
[Black "Raivio Yrjo (FIN)"]
[Result "1-0"]
[WhiteElo "2567"]
[BlackElo "2106"]
[PlyCount "63"]
[EventDate "2007.??.??"]
[Source "www.chesslib.no"]
[SourceDate "2004.05.04"]

1. Nf3 e6 2. c4 f5 3. g3 Nf6 4. Bg2 Be7 5. O-O O-O 6. d4 d5 7. b3 c6 8. Ba3 Bxa3 9. Nxa3 Bd7 10. Nc2 Be8 11. Nce1 Nbd7 12. Nd3 Qe7 13. Qc2 Ne4 14. b4 Ndf6 15. Rab1 Nd6 16. Nfe5 b5 17. c5 Nc4 18. Ra1 Ng4 19. Nxg4 fxg4 20. a4 bxa4 21. Rxa4 Qf6 22. Qc3 h5 23. Ra6 Qg5 24. Nf4 Qe7 25. e4 g5 26. Nd3 h4 27. b5 h3 28. Bh1 Qb7 29. Rxc6 Bxc6 30. bxc6 Qxc6 31. exd5 exd5 32. Nb4 1-0

[Event "COL-ch28"]
[Site "Manizales"]
[Date "1979.??.??"]
[Round "9"]
[White "Cuellar Gacharna, Miguel"]
[Black "Herrera, Gabriel"]
[Result "0-1"]
[WhiteElo "2385"]
[BlackElo "2285"]
[PlyCount "180"]
[EventDate "1979.??.??"]
[Source "www.chesslib.no"]
[SourceDate "2004.05.04"]

1. d4 e6 2. c4 f5 3. g3 Nf6 4. Bg2 Be7 5. Nf3 d5 6. b3 c6 7. O-O O-O 8. Ba3 Bd7 9. Qc1 Na6 10. Bxe7 Qxe7 11. Nbd2 Nc7 12. Ne5 Be8 13. Ndf3 Bh5 14. b4 Bxf3 15. exf3 Rfd8 16. c5 Nd7 17. Re1 a5 18. Qb2 Nxe5 19. Rxe5 axb4 20. Qxb4 b5 21. a4 Rdb8 22. a5 Kf7 23. Re2 Qf6 24. Qd2 Rb7 25. Bf1 Rba7 26. f4 g6 27. Qc3 Qd8 28. Rea2 Qf6 29. Qe3 Rh8 30. h3 Rg8 31. Be2 Ke7 32. Qd2 Rf8 33. Ra3 Kd7 34. Rf3 h5 35. Re3 Rh8 36. Re5 Raa8 37. Kg2 Rh7 38. Ra3 Rhh8 39. Ra1 Ra7 40. Re3 Raa8 41. Rd3 Rh7 42. Kf1 Na6 43. Raa3 Rf8 44. Rdb3 Rb8 45. Ke1 Rb7 46. Kd1 Nc7 47. Kc2 Ra7 48. Qe3 Rf7 49. Qe5 Qxe5 50. fxe5 Ke7 51. Kd2 Rf8 52. Rb1 Rfa8 53. Rba1 Rh8 54. h4 Kf7 55. Ke3 Kg7 56. Kf4 Kh6 57. f3 Rf8 58. Ke3 Rg8 59. g4 Rg7 60. Rg1 Na6 61. Rg2 Nc7 62. Ra1 Ne8 63. Kf4 Ra6 64. Ke3 Rga7 65. gxh5 Rg7 66. Rxg6+ Rxg6 67. hxg6 Kxg6 68. f4 Kh6 69. Kd3 Nc7 70. Kc3 Ra8 71. Rg1 Kh7 72. Kb4 Na6+ 73. Kb3 Nc7 74. Ra1 Kh6 75. h5 Kh7 76. Kc3 Kh8 77. a6 Rxa6 78. Rxa6 Nxa6 79. h6 Kh7 80. Bh5 Kxh6 81. Be8 Nb8 82. Kb4 Kg7 83. Ka5 Kf8 84. Bh5 Nd7 85. Bd1 Ke7 86. Ka6 Nf8 87. Kb7 Kd7 88. Be2 Ng6 89. Bxb5 cxb5 90. c6+ Ke8 0-1

[Event "ESP Team Ch"]
[Site "ESP"]
[Date "1993.??.??"]
[Round "?"]
[White "Acebal Muniz, Antonio"]
[Black "Vega Holm, Fernando"]
[Result "0-1"]
[WhiteElo "2280"]
[BlackElo "2385"]
[PlyCount "78"]
[EventDate "1993.??.??"]
[Source "www.chesslib.no"]
[SourceDate "2004.05.04"]

1. Nf3 e6 2. c4 f5 3. g3 Nf6 4. Bg2 d5 5. d4 c6 6. O-O Be7 7. b3 O-O 8. Ba3 Bd7 9. Qc1 Be8 10. Bxe7 Qxe7 11. Qa3 Qxa3 12. Nxa3 Bh5 13. Rfc1 Nbd7 14. b4 a6 15. e3 Bxf3 16. Bxf3 g5 17. Rc2 h5 18. Re1 h4 19. Nb1 Kf7 20. Nd2 a5 21. b5 cxb5 22. cxd5 exd5 23. Rc7 Ke7 24. Rxb7 Rfb8 25. Rxb8 Rxb8 26. Rc1 hxg3 27. hxg3 Kd6 28. Nb3 g4 29. Be2 a4 30. Na5 Rb6 31. a3 Ne4 32. Rc2 Nb8 33. Bd3 b4 34. axb4 Rxb4 35. Kf1 Rb1+ 36. Ke2 a3 37. Nc6 Nxc6 38. Rxc6+ Kxc6 39. Bxb1 Nc3+ 0-1

[Event "RUS-ch sf"]
[Site "?"]
[Date "2003.??.??"]
[Round "2"]
[White "Vasiliev Vladimir P"]
[Black "Kuzin Anton"]
[Result "1/2-1/2"]
[WhiteElo "2411"]
[BlackElo "2250"]
[PlyCount "25"]
[EventDate "2003.??.??"]
[Source "www.chesslib.no"]
[SourceDate "2004.05.04"]

1. d4 f5 2. g3 Nf6 3. Bg2 e6 4. Nf3 d5 5. O-O Be7 6. c4 c6 7. b3 O-O 8. Ba3 Bd7 9. Bxe7 Qxe7 10. Ne5 Be8 11. Nd2 Nbd7 12. Nxd7 Qxd7 13. e3 1/2-1/2

[Event "BUL-ch qual"]
[Site "Velingrad"]
[Date "2004.03.16"]
[Round "6"]
[White "Petkov, Vladimir"]
[Black "Tsvetkov, Ilia"]
[Result "0-1"]
[WhiteElo "2345"]
[BlackElo "2315"]
[PlyCount "100"]
[EventDate "2004.03.13"]
[Source "Roberto Alvarez"]
[SourceDate "2004.05.31"]

1. d4 d5 2. c4 e6 3. Nf3 c6 4. g3 f5 5. Bg2 Nf6 6. O-O Be7 7. b3 O-O 8. Ba3 Bd7 9. Qc1 Be8 10. Bxe7 Qxe7 11. Qa3 Qxa3 12. Nxa3 Bh5 13. Rfc1 Nbd7 14. Nc2 Ne4 15. Nce1 a5 16. Nd3 a4 17. Nf4 Bf7 18. e3 g5 19. Nd3 Bh5 20. Nfe5 Nxe5 21. Nxe5 axb3 22. axb3 Nd2 23. cxd5 exd5 24. b4 Nb3 25. Rxa8 Rxa8 26. Rc2 Ra1+ 27. Bf1 f4 28. Rb2 Rd1 29. g4 Bxg4 30. Nxg4 Nd2 31. Rxd2 Rxd2 32. b5 Kg7 33. Ne5 fxe3 34. fxe3 cxb5 35. Bxb5 Rb2 36. Bd7 b5 37. Kf1 b4 38. Nd3 Rb1+ 39. Ke2 b3 40. Kd2 b2 41. h3 Rd1+ 42. Kxd1 b1=Q+ 43. Kd2 Qa2+ 44. Kd1 h5 45. Ke1 Qg2 46. Bc8 Qf3 47. Kd2 g4 48. hxg4 h4 49. Nf4 h3 50. Ne6+ Kh8 0-1

[Event "XXIV ECC"]
[Site "Kallithea GRE"]
[Date "2008.10.23"]
[Round "7"]
[White "Iotov, V."]
[Black "Yssing, K."]
[Result "1-0"]
[WhiteElo "2532"]
[BlackElo "2125"]
[PlyCount "63"]
[EventDate "2008.10.17"]
[Source "www.chesslib.no"]
[SourceDate "2004.05.04"]

1. d4 f5 2. Nf3 Nf6 3. g3 e6 4. Bg2 d5 5. c4 c6 6. O-O Be7 7. b3 O-O 8. Ba3 Nbd7 9. Bxe7 Qxe7 10. Nbd2 a6 11. Ne1 e5 12. cxd5 Nxd5 13. Bxd5+ cxd5 14. dxe5 Nxe5 15. Ndf3 Ng4 16. Ng2 Be6 17. Rc1 Rad8 18. Qd4 Rf6 19. Nf4 Bf7 20. h3 Nh6 21. Rc3 Qe4 22. Rd1 Rc6 23. Rxc6 bxc6 24. Qb6 Qe8 25. Rc1 Rc8 26. Qxa6 c5 27. Ng5 d4 28. Nxf7 Nxf7 29. Qe6 g5 30. Rxc5 Ra8 31. Qxe8+ Rxe8 32. Nh5 1-0

[Event "NED Ch Open"]
[Site "Dieren NED"]
[Date "1985.??.??"]
[Round "6"]
[White "Hartoch, Robert G"]
[Black "Timmerman, Gert Jan"]
[Result "1-0"]
[WhiteElo "2360"]
[BlackElo "2295"]
[PlyCount "82"]
[EventDate "1985.??.??"]
[Source "www.chesslib.no"]
[SourceDate "2004.05.04"]

1. Nf3 f5 2. d4 Nf6 3. g3 e6 4. Bg2 Be7 5. O-O O-O 6. c4 d5 7. b3 c6 8. Ba3 Bxa3 9. Nxa3 Qe7 10. Nc2 Bd7 11. Nce1 Be8 12. Nd3 Nbd7 13. Nfe5 Nxe5 14. dxe5 Ne4 15. Rc1 Rd8 16. cxd5 exd5 17. Qc2 b6 18. b4 h5 19. f3 Ng5 20. e3 Ne6 21. Rfd1 h4 22. Qb2 hxg3 23. hxg3 g5 24. f4 Rf7 25. Kf2 Rh7 26. Rh1 Rxh1 27. Bxh1 c5 28. bxc5 bxc5 29. Qa3 d4 30. Nxc5 d3 31. Qb3 d2 32. Rd1 Bf7 33. Nxe6 Bxe6 34. Qc3 Qd7 35. fxg5 Bxa2 36. Bf3 Be6 37. g6 Kg7 38. Qb4 Kxg6 39. Qh4 Kg7 40. Qf6+ Kg8 41. Rh1 d1=N+ 1-0

[Event "Nagykanizsa Open"]
[Site "Nagykanizsa"]
[Date "1994.??.??"]
[Round "?"]
[White "Zimmerman, Yuri"]
[Black "Chetverik, Maxim"]
[Result "1-0"]
[WhiteElo "2345"]
[BlackElo "2305"]
[PlyCount "83"]
[EventDate "1994.??.??"]
[Source "www.chesslib.no"]
[SourceDate "2004.05.04"]

1. d4 d5 2. Nf3 e6 3. c4 c6 4. g3 f5 5. Bg2 Nf6 6. O-O Be7 7. b3 O-O 8. Ba3 Bxa3 9. Nxa3 Bd7 10. Nc2 Be8 11. Nce1 Bh5 12. Qc2 Nfd7 13. Nd3 g5 14. Nfe5 Nxe5 15. Nxe5 Nd7 16. Nd3 Qf6 17. e3 h6 18. Kh1 Kh8 19. cxd5 exd5 20. b4 Rae8 21. b5 Bg6 22. bxc6 bxc6 23. Nb4 Re6 24. f4 a5 25. Nd3 Rxe3 26. Ne5 Nxe5 27. dxe5 Qg7 28. Qxc6 d4 29. Qd6 gxf4 30. gxf4 d3 31. Qd4 Re2 32. Bf3 Bh5 33. Qxd3 Bxf3+ 34. Qxf3 Re4 35. Rg1 Qf7 36. Rae1 Rxe1 37. Rxe1 Qxa2 38. e6 Qd2 39. Rd1 Qb4 40. Qc6 Qe7 41. Qc3+ Rf6 42. Rd7 1-0

[Event "Open"]
[Site "Nagykanizsa op"]
[Date "1994.??.??"]
[Round "4"]
[White "Zimmerman, Yuri"]
[Black "Chetverik, Maxim"]
[Result "1-0"]
[WhiteElo "2345"]
[BlackElo "2305"]
[PlyCount "83"]
[EventDate "1994.??.??"]
[Source "www.chesslib.no"]
[SourceDate "2004.05.04"]

1. d4 d5 2. Nf3 e6 3. c4 c6 4. g3 f5 5. Bg2 Nf6 6. O-O Be7 7. b3 O-O 8. Ba3 Bxa3 9. Nxa3 Bd7 10. Nc2 Be8 11. Nce1 Bh5 12. Qc2 Nfd7 13. Nd3 g5 14. Nfe5 Nxe5 15. Nxe5 Nd7 16. Nd3 Qf6 17. e3 h6 18. Kh1 Kh8 19. cxd5 exd5 20. b4 Rae8 21. b5 Bg6 22. bxc6 bxc6 23. Nb4 Re6 24. f4 a5 25. Nd3 Rxe3 26. Ne5 Nxe5 27. dxe5 Qg7 28. Qxc6 d4 29. Qd6 gxf4 30. gxf4 d3 31. Qd4 Re2 32. Bf3 Rc2 33. Qxd3 Qc7 34. Qd5 Rc4 35. Qc6 Qe7 36. Rae1 Re4 37. Rd1 Re3 38. Qa8 Re4 39. a4 Re1 40. Rd6 Re4 41. Ra6 Qg7 42. h4 1-0

[Event "Barcelona UGA"]
[Site "Barcelona"]
[Date "1992.??.??"]
[Round "2"]
[White "Pogorelov, Ruslan"]
[Black "Rahal, Michael"]
[Result "1-0"]
[WhiteElo "2385"]
[BlackElo "2260"]
[PlyCount "111"]
[EventDate "1992.??.??"]
[Source "www.chesslib.no"]
[SourceDate "2004.05.04"]

1. Nf3 e6 2. c4 f5 3. g3 Nf6 4. Bg2 Be7 5. O-O O-O 6. d4 d5 7. b3 c6 8. Ba3 Bd7 9. Bxe7 Qxe7 10. Qc1 Be8 11. Qa3 Qxa3 12. Nxa3 Ne4 13. Ne5 Nd6 14. Rfe1 Nd7 15. Rac1 Rd8 16. e3 Bh5 17. Nd3 g5 18. b4 Bf7 19. c5 Nc4 20. Nxc4 dxc4 21. Nb2 e5 22. Nxc4 exd4 23. exd4 Bxc4 24. Rxc4 Nf6 25. Re5 Ng4 26. Re7 Rf7 27. Rxf7 Kxf7 28. b5 cxb5 29. Rb4 a5 30. Rxb5 Rxd4 31. Bxb7 Rd1+ 32. Kg2 Rd2 33. c6 Rxf2+ 34. Kg1 Rc2 35. Rxf5+ Ke6 36. Rxa5 Ne5 37. Kf1 Kd6 38. Ke1 Nc4 39. Rxg5 Rxh2 40. Rg7 Rxa2 41. c7 Nb6 42. c8=Q Nxc8 43. Bxc8 h5 44. Kf1 Ra8 45. Bh3 Ra3 46. Kg2 Ra2+ 47. Kg1 Ra3 48. Kh2 Ra2+ 49. Bg2 Ra5 50. Kh3 Ke6 51. Kh4 Kf6 52. Rg8 Ra2 53. Bh3 Rh2 54. Rb8 Kg6 55. Rb5 Rh1 56. Rg5+ 1-0

[Event "South Wales Masters, Swansea"]
[Site "Swansea"]
[Date "1998.??.??"]
[Round "?"]
[White "Vigus, James"]
[Black "Houska, Miroslav"]
[Result "0-1"]
[WhiteElo "2260"]
[BlackElo "2385"]
[PlyCount "82"]
[EventDate "1998.??.??"]
[Source "www.chesslib.no"]
[SourceDate "2004.05.04"]

1. d4 e6 2. c4 f5 3. g3 Nf6 4. Bg2 Be7 5. Nf3 O-O 6. O-O d5 7. b3 c6 8. Ba3 Bxa3 9. Nxa3 Nbd7 10. Qc2 Ne4 11. Nb1 Qf6 12. Nbd2 g5 13. e3 Rf7 14. Ne1 Nxd2 15. Qxd2 dxc4 16. bxc4 e5 17. f4 gxf4 18. gxf4 e4 19. Nc2 Nb6 20. Na3 Be6 21. Rac1 Rg7 22. Kh1 Kh8 23. Rg1 Rag8 24. Qa5 Qf7 25. d5 cxd5 26. c5 Nd7 27. Qc3 Nf6 28. Nb5 Ng4 29. Rc2 Qh5 30. Bf1 Qg6 31. Rgg2 h6 32. h3 Qh5 33. Rg3 Kh7 34. Rcg2 Nf2+ 35. Kh2 Rxg3 36. Rxg3 Rxg3 37. Kxg3 Qf3+ 38. Kh4 Ng4 39. Nd6 Qf2+ 40. Kh5 Qxf1 41. hxg4 Qh3# 0-1

[Event "Helsinki Open"]
[Site "Helsinki FIN"]
[Date "1991.??.??"]
[Round "?"]
[White "Karner, Hillar"]
[Black "Lehtivaara, Risto"]
[Result "1/2-1/2"]
[WhiteElo "2350"]
[BlackElo "2295"]
[PlyCount "104"]
[EventDate "1991.??.??"]
[Source "www.chesslib.no"]
[SourceDate "2004.05.04"]

1. d4 d5 2. c4 e6 3. Nf3 c6 4. g3 f5 5. Bg2 Nf6 6. O-O Be7 7. b3 O-O 8. Ba3 Bxa3 9. Nxa3 Qe7 10. Nc2 Nbd7 11. Nce1 dxc4 12. bxc4 e5 13. dxe5 Ng4 14. Nd3 Ngxe5 15. Qb3 Re8 16. Rfd1 Nf7 17. Nd4 Nc5 18. Qc2 Ne5 19. Rab1 Nexd3 20. exd3 Qc7 21. Nf3 Rb8 22. d4 Ne4 23. Re1 Be6 24. Nh4 Qd7 25. Nxf5 Bxf5 26. Bxe4 Rxe4 27. Rxe4 Rf8 28. Rbe1 Qf7 29. f3 Bxe4 30. fxe4 Rd8 31. d5 b5 32. dxc6 bxc4 33. e5 Qd5 34. e6 Qxc6 35. Qf2 Rf8 36. Qxa7 c3 37. e7 Re8 38. Qe3 c2 39. Rc1 Qd6 40. Qb3+ Kh8 41. Rxc2 Qxe7 42. Rf2 h6 43. Qf3 Qa7 44. Kg2 Ra8 45. Qd5 Rb8 46. Rc2 Rf8 47. Qc5 Qf7 48. h4 Qf1+ 49. Kh2 Re8 50. Rf2 Re2 51. Qf8+ Kh7 52. Qf5+ Kh8 1/2-1/2

[Event "17th Senior WCh"]
[Site "Gmunden AUT"]
[Date "2007.09.28"]
[Round "11"]
[White "Shestoperov, A."]
[Black "Akopian, G."]
[Result "1-0"]
[WhiteElo "2397"]
[BlackElo "2240"]
[PlyCount "93"]
[EventDate "2007.09.17"]
[Source "www.chesslib.no"]
[SourceDate "2004.05.04"]

1. d4 e6 2. c4 f5 3. g3 Nf6 4. Bg2 d5 5. Nf3 c6 6. O-O Be7 7. b3 O-O 8. Ba3 Kh8 9. Qc1 Bd7 10. Bxe7 Qxe7 11. Ne5 Be8 12. Nd2 Nbd7 13. Ndf3 Nxe5 14. Nxe5 Nd7 15. Nd3 Bf7 16. f4 Rac8 17. c5 Ra8 18. a4 a5 19. Qd2 Rfb8 20. Rfb1 Qd8 21. b4 axb4 22. Rxb4 Be8 23. Qb2 Ra7 24. Bf1 Nf8 25. e3 Kg8 26. Rb3 Bd7 27. Qc3 Rba8 28. Rb4 Bc8 29. Qb3 Nd7 30. Ra2 Nf6 31. Ne5 Nd7 32. Nd3 Nf6 33. Be2 g6 34. Bd1 Kg7 35. Rg2 h5 36. h3 Qc7 37. Qb1 Bd7 38. Rgb2 Rb8 39. Ne5 Bc8 40. g4 hxg4 41. hxg4 Nd7 42. gxf5 Nxe5 43. f6+ Kxf6 44. fxe5+ Ke7 45. Qxg6 Qa5 46. Qg7+ Kd8 47. Qf8+ 1-0

[Event "Malaysia iztW"]
[Site "?"]
[Date "1990.??.??"]
[Round "1"]
[White "Maric, A."]
[Black "Lematchko, T."]
[Result "1/2-1/2"]
[WhiteElo "2305"]
[BlackElo "2325"]
[PlyCount "74"]
[EventDate "1990.??.??"]
[Source "www.chesslib.no"]
[SourceDate "2004.05.04"]

1. d4 f5 2. Nf3 Nf6 3. g3 e6 4. Bg2 Be7 5. O-O O-O 6. c4 c6 7. b3 d5 8. Ba3 Ne4 9. Bxe7 Qxe7 10. Qc2 Nd7 11. Nbd2 b6 12. Rac1 Bb7 13. Rfd1 g5 14. Ne5 Nxe5 15. dxe5 Nc5 16. b4 Nd7 17. Qc3 Rac8 18. c5 a5 19. Nb3 axb4 20. Qxb4 Ba6 21. Qd4 Bxe2 22. Re1 Bc4 23. cxb6 c5 24. Qb2 Nxb6 25. Na5 Qa7 26. Qd2 g4 27. Rb1 Kh8 28. Rec1 Ba6 29. Qh6 Bd3 30. Nc6 Qc7 31. Rxb6 Qxb6 32. Ne7 Rce8 33. Ng6+ Kg8 34. Nxf8 Rxf8 35. Bxd5 Re8 36. Qg5+ Kf8 37. Qf6+ Kg8 1/2-1/2

[Event "FIN Team Ch 9596"]
[Site "Finland"]
[Date "1996.??.??"]
[Round "9"]
[White "Lehtivaara, Petri"]
[Black "Partanen, Juha"]
[Result "1-0"]
[WhiteElo "2330"]
[BlackElo "2295"]
[PlyCount "65"]
[EventDate "1995.??.??"]
[Source "www.chesslib.no"]
[SourceDate "2004.05.04"]

1. d4 f5 2. c4 e6 3. g3 Nf6 4. Bg2 d5 5. Nf3 c6 6. O-O Be7 7. b3 O-O 8. Ba3 Nbd7 9. Qc2 Bxa3 10. Nxa3 Qe7 11. Qb2 b6 12. Rac1 Bb7 13. Rfd1 Ne4 14. e3 Rf6 15. Nc2 Rh6 16. Nce1 c5 17. cxd5 Bxd5 18. Nd3 Ndf6 19. dxc5 Nxc5 20. Nxc5 bxc5 21. Ne5 Ne4 22. f3 Nd6 23. Rxc5 Rb8 24. Qc1 Qe8 25. Rc7 Qh5 26. h4 g5 27. e4 fxe4 28. Qxg5+ Qxg5 29. hxg5 Rh5 30. fxe4 Nxe4 31. Nd7 Rb7 32. Rxb7 Bxb7 33. Bxe4 1-0

[Event "Berliner Sommer"]
[Site "Berlin"]
[Date "1996.??.??"]
[Round "5"]
[White "Hetey, Laszlo"]
[Black "Wagner, Bernd"]
[Result "1-0"]
[WhiteElo "2410"]
[BlackElo "2215"]
[PlyCount "99"]
[EventDate "1996.08.??"]
[Source "ChessBase"]

1. d4 e6 2. c4 f5 3. g3 Nf6 4. Bg2 d5 5. Nf3 c6 6. b3 Bd6 7. O-O O-O 8. Ba3 Bxa3 9. Nxa3 Nbd7 10. Qd3 Ne4 11. b4 a6 12. Rab1 Qe7 13. Ne5 Nxe5 14. dxe5 Bd7 15. Qe3 Be8 16. Rb2 Bg6 17. f3 Ng5 18. Qc5 Rfe8 19. h4 Nf7 20. Qxe7 Rxe7 21. f4 Bh5 22. Rc1 h6 23. Kf2 g5 24. cxd5 exd5 25. Nc2 gxh4 26. gxh4 Bg4 27. a4 Nd8 28. e3 Ne6 29. Nd4 Kg7 30. Bf1 Kg6 31. b5 axb5 32. axb5 Nxd4 33. exd4 Re6 34. bxc6 bxc6 35. Rbc2 Ra3 36. Rc3 Ra2+ 37. Ke3 Kh5 38. Rxc6 Rxc6 39. Rxc6 Kxh4 40. Rxh6+ Kg3 41. e6 Rf2 42. Bd3 Rf3+ 43. Kd2 Kxf4 44. e7 Re3 45. Rh7 Re6 46. Bb5 Bh5 47. Rxh5 Rxe7 48. Bd3 Rf7 49. Rh8 Rg7 50. Rd8 1-0

[Event "Foment op"]
[Site "?"]
[Date "1998.10.01"]
[Round "3"]
[White "Dejeanne, Francisco Horacio"]
[Black "Lisanti M"]
[Result "1-0"]
[WhiteElo "2350"]
[BlackElo "2275"]
[PlyCount "119"]
[EventDate "1998.??.??"]
[Source "www.chesslib.no"]
[SourceDate "2004.05.04"]

1. d4 f5 2. g3 Nf6 3. Bg2 d5 4. c4 c6 5. Nf3 e6 6. O-O Be7 7. b3 O-O 8. Ba3 Bxa3 9. Nxa3 Nbd7 10. Nc2 Qe7 11. Nce1 Rd8 12. Nd3 Nf8 13. Qc2 Bd7 14. b4 Ne4 15. Nfe5 Be8 16. Qb2 Ng6 17. Nxg6 Bxg6 18. Ne5 Nd6 19. c5 Nf7 20. Nd3 Re8 21. f4 Rec8 22. a4 Nd8 23. b5 Be8 24. Rfb1 a6 25. bxa6 Rxa6 26. a5 Rca8 27. Qc3 Qc7 28. Rb6 Qb8 29. Nc1 Qc7 30. Bf1 R6a7 31. e3 Kf8 32. Be2 Qe7 33. Kf2 Kg8 34. Ke1 Qf6 35. Rb2 Qh6 36. Bf1 Kf8 37. Qb4 Qf6 38. Qb6 Qe7 39. Kd2 Nf7 40. Kc3 Qd8 41. Nb3 Qe7 42. Rba2 Nd8 43. a6 bxa6 44. Rxa6 Rxa6 45. Rxa6 Rxa6 46. Bxa6 h5 47. h4 Kg8 48. Qb8 Kh7 49. Kb4 Nf7 50. Nd2 Nh6 51. Be2 Ng8 52. Nf3 Nf6 53. Ng5+ Kg6 54. Ka5 Nh7 55. Nxh7 Kxh7 56. Kb6 Qf7 57. Qd8 Kh6 58. Ba6 Kh7 59. Bb7 Qg6 60. Qe7 1-0

[Event "CZE-chT2a 0001"]
[Site "?"]
[Date "2001.??.??"]
[Round "9"]
[White "Civin Tomas"]
[Black "Jirovsky Pavel"]
[Result "1-0"]
[WhiteElo "2255"]
[BlackElo "2365"]
[PlyCount "133"]
[EventDate "2001.??.??"]
[Source "www.chesslib.no"]
[SourceDate "2004.05.04"]

1. d4 d5 2. c4 e6 3. Nf3 c6 4. g3 f5 5. Bg2 Nf6 6. O-O Be7 7. b3 O-O 8. Ba3 Bd7 9. Bxe7 Qxe7 10. Nbd2 Be8 11. Ne5 Nbd7 12. Nd3 Bh5 13. Nf3 Rad8 14. c5 Ng4 15. h3 Nh6 16. b4 Bxf3 17. exf3 Qf6 18. Re1 Qxd4 19. Nf4 Qxd1 20. Raxd1 Rfe8 21. Nxe6 Rc8 22. g4 Kf7 23. Nd4 fxg4 24. fxg4 g5 25. f4 gxf4 26. Rf1 Kg6 27. Rxf4 Rf8 28. Rdf1 Rxf4 29. Rxf4 a6 30. h4 Re8 31. g5 Nf7 32. Bh3 Nfe5 33. Bf5+ Kg7 34. Bc2 Ng6 35. Nf5+ Kh8 36. Rf2 Rf8 37. Nd6 Rxf2 38. Kxf2 a5 39. a3 axb4 40. axb4 Nxh4 41. Kg3 Ng6 42. Bxg6 hxg6 43. Nxb7 Ne5 44. Na5 d4 45. Kf4 d3 46. Ke3 Kg7 47. b5 cxb5 48. c6 Nf7 49. Nb7 Ne5 50. c7 Nc4+ 51. Kxd3 Nb6 52. Nd6 b4 53. Nc4 Nc8 54. Ne5 Nd6 55. Kc2 Nc8 56. Kb2 Ne7 57. Kb3 Kh7 58. Nc6 Nc8 59. Kxb4 Kg7 60. Ne5 Kf8 61. Nxg6+ Kf7 62. Ne5+ Ke6 63. g6 Kf6 64. Kc5 Kxe5 65. g7 Ne7 66. c8=Q Nxc8 67. g8=Q 1-0